[Event "European Blitz 2017"]
[Site "Katowice POL"]
[Date "2017.12.15"]
[Round "13.20"]
[White "Mastrovasilis, Dimitrios"]
[Black "Stupak, Kirill"]
[Result "1-0"]
[WhiteTitle "GM"]
[BlackTitle "GM"]
[WhiteElo "2582"]
[BlackElo "2588"]
[WhiteFideId "4202694"]
[BlackFideId "13503758"]
[EventDate "2017.12.15"]
[EventType "blitz"]

1. e4 e6 2. b3 d5 3. Bb2 Nf6 4. e5 Nfd7 5. Qg4 c5 6. f4 Nc6 7. Nf3 Qc7 8. Be2 a5
9. a4 b6 10. Na3 Ba6 11. Bxa6 Rxa6 12. Nb5 Qb8 13. Nd6+ Bxd6 14. Qxg7 Rf8 15.
exd6 Qxd6 16. O-O d4 17. Ng5 Ne7 18. f5 Nxf5 19. Rxf5 exf5 20. Re1+ Kd8 21.
Nxf7+ Rxf7 22. Qxf7 Kc7 23. d3 Ra8 24. Bc1 Rf8 25. Qxh7 Kc6 26. g3 Nf6 27. Qxf5
Nd5 28. Qe6 Nb4 29. Bf4 Qxe6 30. Rxe6+ Kb7 31. Re2 Nd5 32. Bd2 Kc6 33. Kg2 Kd6
34. h4 Rg8 35. h5 Nf6 36. Bf4+ Kd7 37. h6 Rg6 38. Kf3 Rg8 39. Rh2 Rf8 40. Rh4
Ke6 41. h7 Rh8 42. Bc7 Nd5 43. Bxb6 Nxb6 44. Rh6+ Kd5 45. Rxb6 Rxh7 46. Kg2 Re7
47. Rf6 Rg7 48. Rf5+ Kd6 49. Rf2 Rg8 50. Rf4 Rg7 51. g4 Ke5 52. Kg3 Rh7 53. Rf2
Rh1 54. Re2+ Kd5 55. Kf4 1-0

[Event "European Blitz 2017"]
[Site "Katowice POL"]
[Date "2017.12.15"]
[Round "13.22"]
[White "Demidov, Mikhail"]
[Black "Rocha, Sergio"]
[Result "1-0"]
[WhiteTitle "IM"]
[BlackTitle "IM"]
[WhiteElo "2523"]
[BlackElo "2370"]
[WhiteFideId "4197143"]
[BlackFideId "1900404"]
[EventDate "2017.12.15"]
[EventType "blitz"]

1. d4 Nf6 2. Nf3 g6 3. g3 Bg7 4. Bg2 O-O 5. O-O d6 6. b3 c6 7. Bb2 a5 8. Nc3 Na6
9. e4 Be6 10. Qe2 Qc8 11. Ng5 Bd7 12. e5 Ne8 13. Na4 Qd8 14. e6 fxe6 15. Nxe6
Bxe6 16. Qxe6+ Rf7 17. Rad1 Nec7 18. Qe2 Qf8 19. Nb6 Rd8 20. c4 Bf6 21. Qd2 Ne6
22. Rfe1 Ng7 23. Qxa5 h5 24. Qd2 g5 25. b4 Nc7 26. a4 g4 27. b5 Nce6 28. bxc6
bxc6 29. Bxc6 Ng5 30. Bg2 Qe8 31. a5 Rb8 32. c5 Qd8 33. c6 e6 34. d5 Bxb2 35.
dxe6 N7xe6 36. Qxb2 Nc7 37. Qc2 Qf6 38. Nd7 Qb2 39. Re2 Qxc2 40. Rxc2 Ra8 41.
Ra2 Rf5 42. Rda1 Nf3+ 43. Bxf3 gxf3 44. a6 Rb5 45. a7 Kf7 46. h3 d5 47. Ra3 Ke7
48. Rxf3 Kd6 49. Rf6+ Ke7 50. Rh6 d4 51. Rh7+ Kd6 52. Rh6+ Ke7 53. Ra3 Rf5 54.
Rh7+ Kd6 55. Rh6+ Ke7 56. Kg2 Rd5 57. Nb6 d3 1-0

[Event "European Blitz 2017"]
[Site "Katowice POL"]
[Date "2017.12.15"]
[Round "13.23"]
[White "Maier, Christian"]
[Black "Alekseev, Evgeny"]
[Result "1-0"]
[WhiteTitle "IM"]
[BlackTitle "GM"]
[WhiteElo "2393"]
[BlackElo "2616"]
[WhiteFideId "4601955"]
[BlackFideId "4138147"]
[EventDate "2017.12.15"]
[EventType "blitz"]

1. e4 c5 2. Nf3 Nc6 3. Bb5 g6 4. O-O Bg7 5. Nc3 e5 6. Bxc6 bxc6 7. d3 Ne7 8. a3
a5 9. Rb1 O-O 10. Na4 d6 11. Bd2 h6 12. c4 f5 13. Ne1 g5 14. b4 axb4 15. axb4
cxb4 16. Bxb4 c5 17. Bd2 Ra6 18. Nc3 Ng6 19. Nd5 Nf4 20. Rb8 Qd7 21. Bxf4 exf4
22. exf5 Qf7 23. Nf3 Bxf5 24. Rxf8+ Qxf8 25. Re1 Ra7 26. h3 Kh8 27. Qb3 Ra8 28.
Nd2 Re8 29. Ne4 f3 30. Qd1 fxg2 31. Kxg2 Bd4 32. Qf3 Bxe4 33. Rxe4 Qxf3+ 34.
Kxf3 Rf8+ 35. Kg4 Rxf2 36. Kh5 Bg7 37. Kg6 Bf8 38. Re8 1-0

[Event "European Blitz 2017"]
[Site "Katowice POL"]
[Date "2017.12.15"]
[Round "13.24"]
[White "Bosiocic, Marin"]
[Black "Lewicki, Miroslaw"]
[Result "1-0"]
[WhiteTitle "GM"]
[BlackTitle "CM"]
[WhiteElo "2624"]
[BlackElo "2404"]
[WhiteFideId "14507927"]
[BlackFideId "1113380"]
[EventDate "2017.12.15"]
[EventType "blitz"]

1. d4 Nf6 2. Bg5 e6 3. e4 d6 4. c3 h6 5. Bxf6 Qxf6 6. Bd3 c5 7. Nf3 Nc6 8. O-O
cxd4 9. cxd4 Be7 10. d5 Ne5 11. Nxe5 Qxe5 12. Bb5+ Kf8 13. Nc3 g5 14. g3 Bf6 15.
Qe2 exd5 16. Nxd5 Qxb2 17. Qf3 Kg7 18. Rab1 Qe5 19. Bd3 b6 20. Rfc1 Be6 21. Rb5
Rac8 22. Rxc8 Rxc8 23. Kg2 Rc1 24. Ne3 Qa1 25. h3 Rh1 26. Bf1 Rxh3 27. Nf5+ Bxf5
28. Rxf5 h5 29. e5 g4 30. exf6+ Kg6 31. Qd3 Kh6 32. Qe3+ Kh7 33. Qg5 1-0

[Event "European Blitz 2017"]
[Site "Katowice POL"]
[Date "2017.12.15"]
[Round "13.25"]
[White "Mohr, Georg"]
[Black "Brazdzionis, Andrius"]
[Result "1-0"]
[WhiteTitle "GM"]
[WhiteElo "2473"]
[BlackElo "2293"]
[WhiteFideId "14600013"]
[BlackFideId "12804479"]
[EventDate "2017.12.15"]
[EventType "blitz"]

1. e4 c5 2. Nf3 g6 3. g3 Bg7 4. Bg2 Nc6 5. O-O Nf6 6. d3 d6 7. Nbd2 O-O 8. Re1
e5 9. c3 Be6 10. a3 Rc8 11. b4 b6 12. Bb2 Nd7 13. Nc4 Qc7 14. b5 Ne7 15. Ne3 Nf6
16. a4 h6 17. a5 d5 18. exd5 Nfxd5 19. Nxd5 Nxd5 20. c4 Nb4 21. Bxe5 Bxe5 22.
Nxe5 Rcd8 23. axb6 axb6 24. Nxg6 fxg6 25. Rxe6 Nxd3 26. Rxg6+ Kf7 27. Qh5 1-0

[Event "European Blitz 2017"]
[Site "Katowice POL"]
[Date "2017.12.15"]
[Round "13.26"]
[White "Licznerski, Lukasz"]
[Black "Trent, Lawrence"]
[Result "0-1"]
[WhiteTitle "FM"]
[BlackTitle "IM"]
[WhiteElo "2267"]
[BlackElo "2436"]
[WhiteFideId "1179250"]
[BlackFideId "408638"]
[EventDate "2017.12.15"]
[EventType "blitz"]

1. e4 e5 2. Nf3 Nc6 3. Bb5 a6 4. Bxc6 dxc6 5. O-O Be7 6. Nc3 Bf6 7. h3 Ne7 8. d3
h6 9. Be3 g5 10. d4 g4 11. dxe5 Qxd1 12. Raxd1 Bg7 13. hxg4 Bxg4 14. Bd4 O-O-O
15. e6 Bxd4 16. Rxd4 Bxe6 17. Rxd8+ Rxd8 18. Kh2 c5 19. b3 Nc6 20. a3 Nd4 21.
Nxd4 cxd4 22. Ne2 d3 23. cxd3 Rxd3 24. Nc1 Rc3 25. Rh1 Bxb3 26. Nxb3 Rxb3 27. f3
Rb6 28. Kg3 Rg6+ 29. Kf2 c5 30. f4 Kd7 31. f5 Rc6 32. e5 c4 33. Ke3 c3 34. Kd3
c2 35. Rc1 Rc5 36. Rxc2 Rxe5 37. Rf2 f6 38. Kc4 Kc6 39. Kd4 Ra5 40. Rf3 Ra4+ 0-1

[Event "European Blitz 2017"]
[Site "Katowice POL"]
[Date "2017.12.15"]
[Round "13.27"]
[White "Cieslar, Michal"]
[Black "Aleksandrov, Aleksej"]
[Result "0-1"]
[BlackTitle "GM"]
[WhiteElo "2032"]
[BlackElo "2589"]
[WhiteFideId "1141066"]
[BlackFideId "13500139"]
[EventDate "2017.12.15"]
[EventType "blitz"]

1. e4 e5 2. Nf3 Nc6 3. Bc4 Bc5 4. O-O Nf6 5. d3 d6 6. c3 a6 7. Nbd2 O-O 8. Re1
Re8 9. b4 Ba7 10. Nf1 Be6 11. Bb3 h6 12. Ne3 d5 13. exd5 Nxd5 14. Nxd5 Bxd5 15.
Be3 Bxb3 16. Qxb3 Qxd3 17. Rad1 Qf5 18. Bxa7 Rxa7 19. Rd5 Raa8 20. Red1 Rad8 21.
b5 axb5 22. Qxb5 Rxd5 23. Rxd5 Qf6 24. h3 e4 25. Nd4 e3 26. fxe3 Rxe3 27. Nxc6
Re1+ 0-1

[Event "European Blitz 2017"]
[Site "Katowice POL"]
[Date "2017.12.15"]
[Round "13.28"]
[White "Sadzikowski, Daniel"]
[Black "Plat, Vojtech"]
[Result "0-1"]
[WhiteTitle "GM"]
[BlackTitle "GM"]
[WhiteElo "2584"]
[BlackElo "2567"]
[WhiteFideId "1132253"]
[BlackFideId "325740"]
[EventDate "2017.12.15"]
[EventType "blitz"]

1. c4 d6 2. g3 e5 3. Bg2 Nf6 4. Nc3 c6 5. Nf3 Nbd7 6. O-O Be7 7. d3 a5 8. Rb1
O-O 9. a3 Nc5 10. b4 axb4 11. axb4 Ne6 12. b5 Bd7 13. Nd2 Qc7 14. e3 Nc5 15. Qe2
Bf5 16. e4 Bg4 17. f3 Bd7 18. f4 Ne6 19. Nf3 Ra5 20. Bd2 Nd4 21. Nxd4 exd4 22.
Nd5 cxd5 23. b6 Qc5 24. Bb4 Qxb6 25. e5 Ng4 26. Bxa5 Qxa5 27. Rxb7 Qd8 28. Bxd5
Ne3 29. Ra1 dxe5 30. Raa7 Bg4 31. Qf2 Nxd5 32. cxd5 Bc5 0-1

[Event "European Blitz 2017"]
[Site "Katowice POL"]
[Date "2017.12.15"]
[Round "13.29"]
[White "Kashtanov, Ruslan"]
[Black "Fridman, Daniel"]
[Result "0-1"]
[WhiteTitle "IM"]
[BlackTitle "GM"]
[WhiteElo "2376"]
[BlackElo "2633"]
[WhiteFideId "4124871"]
[BlackFideId "11600454"]
[EventDate "2017.12.15"]
[EventType "blitz"]

1. Nf3 d5 2. d4 Nf6 3. c4 e6 4. Bg5 h6 5. Bxf6 Qxf6 6. Nc3 c6 7. e3 g6 8. Bd3
Bg7 9. e4 dxc4 10. Bxc4 O-O 11. O-O Qe7 12. e5 Nd7 13. Re1 Rd8 14. Qe2 b5 15.
Bd3 Bb7 16. Rac1 Rab8 17. Ne4 a6 18. Nd6 Ba8 19. Be4 Rb6 20. h4 a5 21. h5 g5 22.
Nh2 f5 23. Bxf5 exf5 24. Nxf5 Qe6 25. Qc2 c5 26. dxc5 Ra6 27. Ng4 Rf8 28. Rcd1
Rxf5 29. Qd3 Bc6 30. Ne3 Rxe5 0-1

[Event "European Blitz 2017"]
[Site "Katowice POL"]
[Date "2017.12.15"]
[Round "13.30"]
[White "Pavlidis, Antonios"]
[Black "Schulz, Karsten"]
[Result "1/2-1/2"]
[WhiteTitle "GM"]
[BlackTitle "FM"]
[WhiteElo "2539"]
[BlackElo "2293"]
[WhiteFideId "4212312"]
[BlackFideId "4611446"]
[EventDate "2017.12.15"]
[EventType "blitz"]

1. e4 d6 2. d4 Nf6 3. Nc3 e5 4. Nf3 exd4 5. Nxd4 Be7 6. Be2 O-O 7. O-O Re8 8.
Re1 Bf8 9. Bf1 c6 10. a4 a5 11. h3 Nbd7 12. Nb3 Qc7 13. Bf4 Ne5 14. Nd4 Bd7 15.
Bg3 Qb6 16. Qd2 Bxh3 17. f4 Bd7 18. fxe5 dxe5 19. Bf2 exd4 20. Qxd4 Qxd4 21.
Bxd4 Ng4 22. Rad1 Be6 23. Ne2 Bc4 24. b3 Bxe2 25. Rxe2 Rad8 26. Red2 Rxd4 27.
Rxd4 Bc5 28. Kh1 Nf2+ 29. Kh2 Bxd4 30. Rxd4 Nxe4 31. Bc4 Nc5 32. c3 g6 33. b4
axb4 34. cxb4 Nxa4 35. Rd7 Re4 36. Bxf7+ Kf8 37. Rxb7 Nc3 38. Bb3 h5 39. Bc2 Re6
40. Bb3 Re4 41. Bc2 Re6 42. Rd7 Ne2 43. Bd3 Nf4 44. Bc4 Re4 45. Bf1 Rxb4 46. Rd6
c5 47. Rc6 Rb1 48. Rf6+ Kg7 49. Rxf4 Rc1 50. Kg1 g5 51. Rf5 Kg6 52. Rd5 g4 53.
Kf2 h4 54. Bd3+ Kf6 55. Rf5+ Ke6 56. Rf4 h3 57. gxh3 gxh3 58. Rh4 Rd1 59. Be2
Rh1 60. Bf3 Rh2+ 61. Ke3 Kd6 62. Rh6+ Ke5 63. Rh5+ Kd6 64. Rd5+ Ke6 65. Rd1 Rb2
66. Kf4 h2 67. Bg4+ Ke7 68. Rd7+ Kf6 69. Rh7 Kg6 70. Rh3 c4 71. Bf5+ Kg7 72.
Rh7+ Kf6 73. Rh6+ Kg7 74. Rh7+ Kf6 75. Be4 Rf2+ 76. Ke3 Rb2 77. Kd4 Kg5 78. Ke5
Re2 79. Kd4 Kf4 80. Bd5 Rd2+ 81. Kxc4 Rxd5 82. Kxd5 Kg3 83. Ke4 Kg2 84. Rg7+ Kf1
85. Rh7 Kg2 86. Rg7+ Kf1 87. Rf7+ Kg2 88. Rg7+ Kf1 89. Rh7 Kg2 1/2-1/2

[Event "European Blitz 2017"]
[Site "Katowice POL"]
[Date "2017.12.15"]
[Round "13.31"]
[White "Pribyl, Josef"]
[Black "Hracek, Zbynek"]
[Result "0-1"]
[WhiteTitle "IM"]
[BlackTitle "GM"]
[WhiteElo "2263"]
[BlackElo "2592"]
[WhiteFideId "300187"]
[BlackFideId "300071"]
[EventDate "2017.12.15"]
[EventType "blitz"]

1. d4 Nf6 2. Nf3 e6 3. Bf4 c5 4. e3 d5 5. Be2 Qb6 6. b3 Nc6 7. c3 Be7 8. O-O O-O
9. Nbd2 Bd7 10. h3 Rac8 11. Ne5 Rfd8 12. Qb1 Be8 13. Rc1 Nxe5 14. dxe5 Nd7 15.
Nf3 Bf8 16. Bd3 g6 17. h4 Bg7 18. c4 d4 19. exd4 cxd4 20. Rd1 Qc7 21. Re1 Nc5
22. Qc2 Bc6 23. Ng5 h6 24. Nh3 Qe7 25. Bg3 a6 26. Rad1 b5 27. Nf4 bxc4 28. Bxc4
Bb5 29. Nd3 Nxd3 30. Rxd3 Qb4 31. Rc1 Rc5 32. f4 Bf8 33. h5 gxh5 34. Be1 Qa3 35.
Rcd1 Rdc8 36. Qe2 Bxc4 37. bxc4 Qa4 38. Qxh5 Bg7 39. Rg3 Kf8 40. Qg4 Ke8 41. Rb1
Bf8 42. Qh5 Rxc4 43. Rg8 Rc1 44. Qxh6 Qa3 45. Rxc1 Rxc1 46. Kf1 Qd3+ 47. Kg1
Rxe1+ 48. Kh2 Qa3 49. f5 exf5 50. e6 Rxe6 51. Qf4 Qd6 0-1

[Event "European Blitz 2017"]
[Site "Katowice POL"]
[Date "2017.12.15"]
[Round "13.32"]
[White "Kyc, Jerzy"]
[Black "Moskalenko, Alexander"]
[Result "0-1"]
[BlackTitle "IM"]
[WhiteElo "2265"]
[BlackElo "2522"]
[WhiteFideId "1163922"]
[BlackFideId "4155351"]
[EventDate "2017.12.15"]
[EventType "blitz"]

1. e4 c5 2. Nf3 d6 3. d4 cxd4 4. Nxd4 Nf6 5. Nc3 a6 6. Bg5 Nbd7 7. Bc4 h6 8.
Bxf6 Nxf6 9. Qd2 e6 10. Bb3 Be7 11. O-O-O b5 12. Nc6 Qc7 13. Nxe7 Kxe7 14. a3
Bb7 15. Rde1 g5 16. f4 gxf4 17. Qxf4 Qc5 18. e5 Nd7 19. Rhf1 Raf8 20. exd6+ Qxd6
21. Qh4+ Ke8 22. Qh5 Kd8 23. Rd1 Qe7 24. Kb1 Kc8 25. Qe2 Nc5 26. Bd5 Rd8 27.
Bxb7+ Qxb7 28. Qf2 Rxd1+ 29. Rxd1 Qc7 30. Qf6 Rg8 31. g3 h5 32. Rf1 Rd8 33. Qxf7
Qxf7 34. Rxf7 Rd2 35. h4 Rg2 36. Rg7 Kd8 37. Rg5 Nd7 38. Ne4 Re2 39. Nc3 Re3 40.
Rxh5 Rxg3 41. Rh7 Kc7 42. Ne4 Rg1+ 43. Ka2 Kc6 44. Rh6 Kd5 45. Nc3+ Ke5 46. Kb3
Rg4 47. Rh5+ Kd6 48. Rh7 Nc5+ 49. Ka2 Ne4 50. Nxe4+ Rxe4 51. b4 Re2 52. Kb3 Rh2
53. h5 e5 54. Ra7 Kd5 55. Rxa6 e4 56. Rb6 e3 57. Rxb5+ Ke4 58. Rb8 Rxh5 59. Re8+
Re5 60. Rxe5+ Kxe5 61. Kc3 Ke4 62. b5 Kf3 63. b6 e2 64. b7 e1=Q+ 65. Kb2 Qe5+
66. Kc1 Qc7 0-1

[Event "European Blitz 2017"]
[Site "Katowice POL"]
[Date "2017.12.15"]
[Round "13.33"]
[White "Kovalev, Vladislav"]
[Black "Kahleys, Kevin"]
[Result "1-0"]
[WhiteTitle "GM"]
[WhiteElo "2639"]
[BlackElo "2195"]
[WhiteFideId "13504398"]
[BlackFideId "24669601"]
[EventDate "2017.12.15"]
[EventType "blitz"]

1. d4 d5 2. Bf4 Nf6 3. e3 c5 4. c3 Nc6 5. Nd2 Qb6 6. Qb3 c4 7. Qc2 g6 8. Ngf3
Bg7 9. h3 Bf5 10. Qc1 Rc8 11. g4 Bd7 12. Ne5 h6 13. Bg2 Qa5 14. Nxd7 Kxd7 15.
O-O e6 16. b3 b5 17. a4 b4 18. bxc4 bxc3 19. Nb3 Qb4 20. Nc5+ Ke7 21. cxd5 Nxd5
22. Bxd5 exd5 23. Rb1 Qa5 24. Rb7+ Kf8 25. Qa3 Kg8 26. Qb3 Nd8 27. Rb5 Rxc5 28.
Rxa5 Rxa5 29. Bc7 Nc6 30. Bxa5 Nxa5 31. Qxd5 1-0

[Event "European Blitz 2017"]
[Site "Katowice POL"]
[Date "2017.12.15"]
[Round "13.34"]
[White "Janik, Igor"]
[Black "Neiksans, Arturs"]
[Result "0-1"]
[WhiteTitle "FM"]
[BlackTitle "GM"]
[WhiteElo "2413"]
[BlackElo "2590"]
[WhiteFideId "1159259"]
[BlackFideId "11601388"]
[EventDate "2017.12.15"]
[EventType "blitz"]

1. e4 Nf6 2. e5 Nd5 3. d4 d6 4. Nf3 g6 5. c4 Nb6 6. exd6 exd6 7. h3 Bg7 8. Be2
O-O 9. O-O Nc6 10. Nc3 h6 11. Be3 d5 12. c5 Nc4 13. Bxc4 dxc4 14. Qa4 Be6 15.
Rfd1 Ne7 16. Nd2 c6 17. Nce4 b5 18. Qa6 Bd5 19. Nd6 Nc8 20. N2e4 f5 21. Nxc8
Rxc8 22. Nd6 Rc7 23. Bf4 Re7 24. a4 bxa4 25. Qxa4 g5 26. Be5 Bxe5 27. dxe5 Rxe5
28. Qxa7 g4 29. Qb7 Re7 30. Qb6 Qd7 31. hxg4 fxg4 32. Rd2 g3 33. f3 Qe6 34. Qb4
Qe1+ 0-1

[Event "European Blitz 2017"]
[Site "Katowice POL"]
[Date "2017.12.15"]
[Round "13.35"]
[White "Warakomski, Tomasz"]
[Black "Przybylski, Wojciech"]
[Result "1-0"]
[WhiteTitle "GM"]
[BlackTitle "FM"]
[WhiteElo "2537"]
[BlackElo "2320"]
[WhiteFideId "1124552"]
[BlackFideId "1117599"]
[EventDate "2017.12.15"]
[EventType "blitz"]

1. e4 e5 2. Nf3 Nc6 3. Bc4 Nf6 4. d3 Be7 5. a4 O-O 6. O-O d6 7. c3 Na5 8. Ba2 c5
9. Nbd2 Nc6 10. Re1 h6 11. Nf1 Re8 12. Ng3 Bf8 13. Bb3 d5 14. exd5 Nxd5 15. a5
Nf6 16. a6 b5 17. h3 Rb8 18. Nh4 Na5 19. Bc2 c4 20. Nhf5 Bxa6 21. d4 exd4 22.
Rxe8 Nxe8 23. Nxd4 Bc8 24. Bf4 Bd6 25. Qf3 Bb7 26. Qe3 Bxf4 27. Qxf4 Nc6 28.
Nxc6 Bxc6 29. Rxa7 Qf6 30. Qxb8 Qe6 31. Qf4 Qe1+ 32. Nf1 Qe6 33. Ne3 g5 34. Qd4
Qe7 35. Rxe7 1-0

[Event "European Blitz 2017"]
[Site "Katowice POL"]
[Date "2017.12.15"]
[Round "13.36"]
[White "Kusiak, Matej"]
[Black "Gajewski, Grzegorz"]
[Result "1-0"]
[BlackTitle "GM"]
[WhiteElo "2280"]
[BlackElo "2601"]
[WhiteFideId "14911213"]
[BlackFideId "1116207"]
[EventDate "2017.12.15"]
[EventType "blitz"]

1. e4 c5 2. Nf3 e6 3. d4 cxd4 4. Nxd4 a6 5. c4 Qc7 6. Nc3 Nf6 7. Be2 b6 8. O-O
Bb7 9. f3 Bd6 10. h3 Bh2+ 11. Kh1 Bf4 12. Bxf4 Qxf4 13. Qc1 Qxc1 14. Raxc1 d6
15. Rfd1 Ke7 16. Kg1 Nbd7 17. Kf2 g5 18. Rd2 Rac8 19. Rcd1 Ne5 20. Na4 Nxc4 21.
Bxc4 Rxc4 22. b3 Rc7 23. Nxb6 Rb8 24. Nc4 d5 25. exd5 Nxd5 26. Re1 Rd8 27. Nf5+
Kf8 28. Nfe3 Rb8 29. Nxd5 Bxd5 30. Ne3 Ba8 31. Rc2 Rxc2+ 32. Nxc2 Ke7 33. Re5
Kf6 34. Rc5 Rd8 35. Ke2 h5 36. Ne3 Rd4 37. Rc7 Rd6 38. Rc8 Bc6 39. Nc4 Bb5 40.
a4 Rc6 41. Rxc6 Bxc6 42. Ke3 Kf5 43. Nd6+ Kf6 44. a5 Ke7 45. Ne4 f6 46. Nc5 Bb5
47. Ne4 e5 48. g3 Ke6 49. f4 exf4+ 50. gxf4 g4 51. hxg4 hxg4 52. Ng3 Kd5 53. Kd2
Bd7 54. Kc3 Kc5 55. b4+ Kb5 56. Ne4 Bf5 57. Nd6+ Kc6 58. Nxf5 Kd5 59. Ng3 Kd6
60. Kd4 Kc6 61. Kc4 Kd6 62. b5 axb5+ 63. Kxb5 Kc7 64. Kc5 Kb7 65. Kd5 1-0

[Event "European Blitz 2017"]
[Site "Katowice POL"]
[Date "2017.12.15"]
[Round "13.37"]
[White "Olszewski, Michal"]
[Black "Lewtak, Damian"]
[Result "0-1"]
[WhiteTitle "GM"]
[WhiteElo "2540"]
[BlackElo "2358"]
[WhiteFideId "1121251"]
[BlackFideId "1141724"]
[EventDate "2017.12.15"]
[EventType "blitz"]

1. Nf3 b6 2. e4 Bb7 3. Nc3 e6 4. d4 Bb4 5. Bd3 Nf6 6. Qe2 d5 7. exd5 Nxd5 8. Bd2
Nxc3 9. bxc3 Be7 10. h4 Nd7 11. Ng5 Nf6 12. O-O h6 13. Nf3 Qd5 14. Rfe1 Qh5 15.
Ne5 Qxh4 16. Nxf7 Ng4 17. Bf4 Kxf7 18. Qxe6+ Kf8 19. Bg3 Qf6 20. Qxg4 h5 21. Qd7
h4 22. Be5 Qg5 23. Qf5+ Qxf5 24. Bxf5 Bd6 25. Bxd6+ cxd6 26. Re3 Rh5 27. Bg4 Ra5
28. Rae1 Rxa2 29. Re7 Bd5 30. Rc7 Rxc2 31. Ree7 Re8 32. Rxg7 Re1+ 33. Kh2 Rxf2
34. Bh3 Rff1 0-1

[Event "European Blitz 2017"]
[Site "Katowice POL"]
[Date "2017.12.15"]
[Round "13.38"]
[White "Fedorchuk, Sergey A."]
[Black "Reza, Wojciech"]
[Result "1-0"]
[WhiteTitle "GM"]
[WhiteElo "2648"]
[BlackElo "2283"]
[WhiteFideId "14102536"]
[BlackFideId "1151967"]
[EventDate "2017.12.15"]
[EventType "blitz"]

1. e4 c5 2. Nf3 e6 3. d4 cxd4 4. Nxd4 Nc6 5. Nc3 Qc7 6. Be2 Nf6 7. O-O Be7 8.
Be3 O-O 9. Kh1 d6 10. a4 a6 11. f4 Re8 12. Nb3 Bd7 13. Bf3 Na5 14. Nxa5 Qxa5 15.
e5 dxe5 16. fxe5 Qxe5 17. Bb6 Bc6 18. Bxc6 bxc6 19. Qf3 c5 20. a5 Rac8 21. Rae1
Qd4 22. Qb7 Qc4 23. Qf3 h5 24. Ne4 Qxc2 25. Rf2 Qc4 26. Nxf6+ Bxf6 27. Qxh5 Qd4
28. Ref1 Rc6 29. h3 e5 30. Rc2 e4 31. Rxc5 Rxc5 32. Bxc5 Qd3 33. Re1 e3 34. Qe2
Qxe2 35. Rxe2 Bg5 36. b4 f5 37. g3 Kf7 38. Kg2 Ke6 39. Bxe3 Kf7 40. Kf3 Bf6 41.
Bc5 Rd8 42. h4 Rd3+ 43. Re3 Rd1 44. Ra3 Rb1 45. Rd3 g5 46. hxg5 Bxg5 47. Rd7+
Ke8 48. Rd6 Rb3+ 49. Kg2 Be7 50. Re6 1-0

[Event "European Blitz 2017"]
[Site "Katowice POL"]
[Date "2017.12.15"]
[Round "13.39"]
[White "Ladva, Ottomar"]
[Black "Medarde Santiago, Luis Marcos"]
[Result "1-0"]
[WhiteTitle "GM"]
[BlackTitle "FM"]
[WhiteElo "2522"]
[BlackElo "2350"]
[WhiteFideId "4500024"]
[BlackFideId "2263076"]
[EventDate "2017.12.15"]
[EventType "blitz"]

1. Nf3 Nf6 2. d4 e6 3. g3 d5 4. Bg2 Be7 5. O-O O-O 6. c4 dxc4 7. Ne5 Nc6 8. Nxc6
bxc6 9. Na3 Bxa3 10. bxa3 Ba6 11. Qd2 c3 12. Qxc3 Bxe2 13. Re1 Bb5 14. a4 Bxa4
15. Qa5 Bb5 16. a4 Bc4 17. Bxc6 Bd5 18. Bxa8 Qxa8 19. Bg5 Bh1 20. f3 Qxf3 21.
Ra2 Ne4 22. Bf4 g5 23. Re3 Qd1+ 24. Qe1 Qxd4 25. Kxh1 gxf4 26. Rxe4 Qd5 27. Rd2
Qb7 28. Kg1 f5 29. Rxf4 Qb6+ 30. Qf2 Qb1+ 31. Kg2 e5 32. Rf3 e4 33. Re3 f4 34.
gxf4 Kh8 35. Rg3 Qb7 36. Qd4+ 1-0

[Event "European Blitz 2017"]
[Site "Katowice POL"]
[Date "2017.12.15"]
[Round "13.40"]
[White "Krejci, Jan2"]
[Black "Mazurkiewicz, Michal"]
[Result "1-0"]
[WhiteTitle "GM"]
[WhiteElo "2570"]
[BlackElo "2215"]
[WhiteFideId "322156"]
[BlackFideId "1124943"]
[EventDate "2017.12.15"]
[EventType "blitz"]

1. d4 Nf6 2. c4 e5 3. Nc3 exd4 4. Qxd4 Nc6 5. Qd1 Bc5 6. Nf3 O-O 7. e3 d6 8. Be2
Ne5 9. O-O c6 10. Na4 Bb4 11. a3 Ba5 12. b4 Bc7 13. Bb2 Nfg4 14. Nxe5 Nxe5 15.
f4 Ng6 16. Qd4 f6 17. Rad1 Qe8 18. Qd3 a5 19. Nc3 axb4 20. axb4 Bb6 21. c5 dxc5
22. bxc5 Bc7 23. Bh5 Qe7 24. Ne4 Bf5 25. Qb3+ Kh8 26. Nd6 Be6 27. Qc2 b6 28. Bd4
Ra2 29. Qb1 Bd5 30. Bf3 bxc5 31. Bxc5 Bxd6 32. Bxd6 Qxd6 33. Qxa2 Qc5 34. Bxd5
Qxe3+ 35. Qf2 Qxf2+ 36. Rxf2 cxd5 37. Rxd5 Re8 38. g3 h5 39. Rxh5+ Kg8 40. Rb5
Nf8 41. Rfb2 Kf7 42. Rb7+ Kg6 43. Rb8 1-0

[Event "European Blitz 2017"]
[Site "Katowice POL"]
[Date "2017.12.15"]
[Round "13.41"]
[White "Pulpan, Jakub"]
[Black "Rigopoulos-Tsigkos, Alexandros"]
[Result "1-0"]
[WhiteTitle "IM"]
[WhiteElo "2400"]
[BlackElo "2117"]
[WhiteFideId "302759"]
[BlackFideId "4215109"]
[EventDate "2017.12.15"]
[EventType "blitz"]

1. d4 d5 2. c4 dxc4 3. Nf3 Nf6 4. e3 e6 5. Bxc4 a6 6. O-O c5 7. Nc3 b5 8. Bd3
Bb7 9. Qe2 cxd4 10. exd4 Be7 11. Bg5 Nc6 12. Bxf6 gxf6 13. Be4 b4 14. d5 Na5 15.
d6 Qxd6 16. Bxb7 Nxb7 17. Ne4 Qb6 18. Rad1 Rd8 19. Rxd8+ Nxd8 20. Qd2 Qb7 21.
Qf4 f5 22. Ng3 Nc6 23. Qh6 a5 24. Nh5 Nd8 25. Ne5 Bf8 26. Qg5 1-0

[Event "European Blitz 2017"]
[Site "Katowice POL"]
[Date "2017.12.15"]
[Round "13.42"]
[White "Tokranovs, Dmitrijs"]
[Black "Jakubowski, Krzysztof"]
[Result "0-1"]
[WhiteTitle "FM"]
[BlackTitle "GM"]
[WhiteElo "2348"]
[BlackElo "2526"]
[WhiteFideId "11603011"]
[BlackFideId "1112848"]
[EventDate "2017.12.15"]
[EventType "blitz"]

1. e4 c5 2. c3 d6 3. d4 Nf6 4. dxc5 Nc6 5. Qc2 dxc5 6. Be3 e6 7. f3 Be7 8. Nd2
O-O 9. Ne2 Qc7 10. Ng3 Rd8 11. Be2 Bd7 12. O-O Be8 13. f4 g6 14. a4 Rac8 15. Nc4
Na5 16. f5 exf5 17. Bf4 Bd6 18. Nxd6 Rxd6 19. e5 Re6 20. exf6 Qb6 21. Bg5 Nb3
22. Rae1 c4+ 23. Kh1 Bxa4 24. Qb1 Bc6 25. Bxc4 Bxg2+ 26. Kxg2 Rxc4 27. Rxe6 Qxe6
28. Qe1 Qc6+ 29. Kg1 Rg4 30. Qe7 Qc5+ 31. Qxc5 Nxc5 32. Be3 Ne6 33. Kg2 f4 34.
Kf3 h5 35. Bxa7 fxg3 36. hxg3 Ng5+ 37. Kg2 Ne4 38. Re1 Nxg3 39. Re8+ Kh7 40. Rf8
g5 41. Bd4 Kg6 42. Kf3 Nf5 43. Be5 Rg1 44. Rg8+ Kh7 45. Rf8 Kg6 46. Rg8+ Kh7 47.
Rf8 Kg6 48. Rg8+ Kh7 49. Rf8 Nh6 50. Rb8 h4 51. Rxb7 h3 52. c4 g4+ 53. Kf2 Rg2+
54. Kf1 g3 55. Rb3 Rf2+ 56. Ke1 h2 57. Rxg3 h1=Q+ 58. Kxf2 Qh2+ 59. Kf3 Qh5+ 60.
Ke4 Qf5+ 61. Kd4 Qd7+ 62. Ke4 Qb7+ 63. Kd4 Nf5+ 0-1